| 000 | 00448nam a2200145Ia 4500 | ||
|---|---|---|---|
| 008 | 190228s9999 xx 000 0 und d | ||
| 020 | _a9780857087416 | ||
| 100 | _aRobinson, Ken. | ||
| 245 |
_cKen Robinson.-- _aOut of our minds : _bthe power of being creative / |
||
| 250 | _a3rd ed | ||
| 260 |
_aUnited Kingdom : _bJohn Willey & Sons _c2017 |
||
| 300 | _axvi, 275 pages. | ||
| 650 | _aCreative ability in business. | ||
| 650 | _aCreative thinking | ||
| 999 |
_c361308 _d361308 |
||